Vulture culture (Record no. 8017)
[ view plain ]
| 000 -LEADER | |
|---|---|
| fixed length control field | 01937nam a2200349 a 4500 |
| 001 - CONTROL NUMBER | |
| control field | ebr10271824 |
| 003 - CONTROL NUMBER IDENTIFIER | |
| control field | CaPaEBR |
| 006 - FIXED-LENGTH DATA ELEMENTS--ADDITIONAL MATERIAL CHARACTERISTICS--GENERAL INFORMATION | |
| fixed length control field | m u |
| 007 - PHYSICAL DESCRIPTION FIXED FIELD--GENERAL INFORMATION | |
| fixed length control field | cr cn||||||||| |
| 008 - FIXED-LENGTH DATA ELEMENTS--GENERAL INFORMATION | |
| fixed length control field | 071108s2008 nyuab sb 001 0 eng |
| 010 ## - LIBRARY OF CONGRESS CONTROL NUMBER | |
| Canceled/invalid LC control number | 2007045805 |
| 020 ## - INTERNATIONAL STANDARD BOOK NUMBER | |
| Cancelled/invalid ISBN | 9780814400265 |
| Cancelled/invalid ISBN | 0814400264 |
| 040 ## - CATALOGING SOURCE | |
| Original cataloging agency | CaPaEBR |
| Transcribing agency | CaPaEBR |
| 035 ## - SYSTEM CONTROL NUMBER | |
| System control number | (OCoLC)213813961 |
| 043 ## - GEOGRAPHIC AREA CODE | |
| Geographic area code | n-us--- |
| 050 14 - LIBRARY OF CONGRESS CALL NUMBER | |
| Classification number | HG8531 |
| Item number | .G47 2008eb |
| 082 04 - DEWEY DECIMAL CLASSIFICATION NUMBER | |
| Classification number | 368/.973 |
| Edition number | 22 |
| Classification number | 368.00973 |
| Edition number | 22 |
| 100 1# - MAIN ENTRY--PERSONAL NAME | |
| Personal name | Gerst, Eric D. |
| 245 10 - TITLE STATEMENT | |
| Title | Vulture culture |
| Medium | [electronic resource] : |
| Remainder of title | dirty deals, unpaid claims, and the coming collapse of the insurance industry / |
| Statement of responsibility, etc | Eric D. Gerst. |
| 260 ## - PUBLICATION, DISTRIBUTION, ETC. (IMPRINT) | |
| Place of publication, distribution, etc | New York : |
| Name of publisher, distributor, etc | American Management Association, |
| Date of publication, distribution, etc | c2008. |
| 300 ## - PHYSICAL DESCRIPTION | |
| Extent | xiii, 241 p. : |
| Other physical details | ill., map. |
| 504 ## - BIBLIOGRAPHY, ETC. NOTE | |
| Bibliography, etc | Includes bibliographical references and index. |
| 505 0# - FORMATTED CONTENTS NOTE | |
| Formatted contents note | The crisis : a long time coming -- How the industry got where it is : a rogues' gallery -- How the industry got where it is today : unpaid claims and the storm after Hurricane Katrina -- How the industry got where it is today : foreign takeovers, unregulated reinsurers, insurer and claimant fraud -- The view from outside : a report card on state regulation -- Trends : the next decade -- The public uproar and a crescendo of distrust -- Fifty nonuniform state fiefdoms -- Winds of change: how to improve the industry -- The solution : UFOIL : a two-step process of consumerization and federalization. |
| 533 ## - REPRODUCTION NOTE | |
| Type of reproduction | Electronic reproduction. |
| Place of reproduction | Palo Alto, Calif. : |
| Agency responsible for reproduction | ebrary, |
| Date of reproduction | 2013. |
| Note about reproduction | Available via World Wide Web. |
| -- | Access may be limited to ebrary affiliated libraries. |
| 650 #0 - SUBJECT ADDED ENTRY--TOPICAL TERM | |
| Topical term or geographic name as entry element | Insurance |
| General subdivision | Corrupt practices |
| Geographic subdivision | United States. |
| Topical term or geographic name as entry element | Insurance law |
| Geographic subdivision | United States. |
| 655 #7 - INDEX TERM--GENRE/FORM | |
| Genre/form data or focus term | Electronic books. |
| Source of term | local |
| 710 2# - ADDED ENTRY--CORPORATE NAME | |
| Corporate name or jurisdiction name as entry element | ebrary, Inc. |
| 856 40 - ELECTRONIC LOCATION AND ACCESS | |
| Uniform Resource Identifier | <a href="http://site.ebrary.com/lib/rucke/Doc?id=10271824">http://site.ebrary.com/lib/rucke/Doc?id=10271824</a> |
| Public note | An electronic book accessible through the World Wide Web; click to view |
No items available.
